Top 30 Countries in Men's 100 Meters - Statistics

General Stats
  • This quiz has been taken 101 times
  • The average score is 23 of 30
Answer Stats
NR Continent Answer % Correct
9.58 North America Jamaica
100%
9.83 Europe United Kingdom
99%
9.69 North America United States
99%
9.80 Europe Italy
97%
9.86 Europe France
94%
9.84 North America Canada
93%
9.84 Africa South Africa
93%
9.96 South America Brazil
92%
9.83 Asia China
91%
9.95 Asia Japan
91%
9.77 Africa Kenya
87%
9.82 North America Trinidad and Tobago
87%
9.85 Africa Nigeria
85%
9.93 Oceania Australia
84%
9.91 North America Bahamas
82%
9.87 North America Barbados
77%
9.93 North America Saint Kitts and Nevis
75%
9.91 Europe Netherlands
74%
9.91 North America Antigua and Barbuda
71%
9.90 Africa Ghana
71%
9.86 Europe Portugal
71%
9.89 South America Suriname
68%
9.92 Asia Turkey
64%
9.88 Africa Botswana
63%
9.93 Africa Ivory Coast
63%
9.96 Africa Cameroon
60%
9.86 Africa Namibia
55%
9.89 Africa Zimbabwe
55%
9.91 Asia Qatar
42%
9.96 Asia Sri Lanka
29%
No matching quizzes found
Score Distribution
Percent of People with Each Score
Percentile by Number Answered
Your Score History
You have not taken this quiz